| 000 | 01338nam a22003375a 4500 | ||
|---|---|---|---|
| 008 | 090409t2009 enka|||fr|||| 001 0 eng d | ||
| 020 | _a0415322189 | ||
| 020 | _a0415322197 | ||
| 020 | _a020388678X | ||
| 020 | _a9780415322188 | ||
| 020 | _a9780415322195 | ||
| 020 | _a9780203886786 | ||
| 040 |
_aEG-ScBuE _beng _cEG-ScBuE |
||
| 082 | 0 | 4 |
_a307.1216 _bSUS _222 |
| 245 | 0 | 0 |
_aSustainable Urban Development. Volume3 : _bThe Toolkit for Assessment / _cEdited by Ron Vreeker, Mark Deakin, Stephen Curwell |
| 250 | _a1st ed. | ||
| 260 |
_aNew York : _bRoutledge, _cc.2009. |
||
| 300 |
_a291p. : _bill. ; _c24 cm. |
||
| 500 | _aIndex : p. 282-291. | ||
| 504 | _aIncludes bibliographical references. | ||
| 505 | 1 | _av. 1. The framework and protocols for environmental assessment -- v. 2. The environmental assessment methods / edited by Mark Deakin ... [et al.] -- v. 3. The toolkit for assessment / edited by Ron Vreeker, Mark Deakin and Stephen Curwell -- v. 4. Changing professional practice / edited by Ian Cooper and Martin Symes. | |
| 590 | _ayassmeen ashraf | ||
| 650 | 0 |
_aCity planning. _93568 _2BUEsh |
|
| 650 | 0 |
_aSustainable development. _93569 _2BUEsh |
|
| 651 | _2BUEsh | ||
| 653 |
_bBUSECO _cAugust2015 |
||
| 700 | 1 | _aVreeker, Ron. | |
| 700 | 1 | _aDeakin,Mark. | |
| 700 | 1 | _aCurwell,Stephen. | |
| 942 |
_2ddc _cBB |
||
| 999 |
_c11568 _d11568 |
||